LEADER 01220nam0 22002531i 450 001 UON00320537 005 20231205104138.265 100 $a20090210d1971 |0itac50 ba 101 $aita 102 $aAL 105 $a|||| 1|||| 200 1 $aˆ[‰Venticinque] 25 anni di lotta e di vittorie sulla via del socialismo$eDiscorso pronunciato il 28 novembre 1969 alla riunione solenne organizzata in occasione del 25. anniversario della Liberazione della Patria e del trionfo della rivoluzione popolare$fEnver Hoxha 210 $aTirana$cNaim Frasheri$d1970 215 $a88 p.$d16 cm. 606 $aALBANIA$xSocialismo$3UONC070477$2FI 620 $dTiranë$3UONL003212 700 1$aHOXHA$bEnver$3UONV039194$0142541 712 $aNaim Frashëri$3UONV274902$4650 801 $aIT$bSOL$c20240220$gRICA 899 $aSIBA - SISTEMA BIBLIOTECARIO DI ATENEO$2UONSI 912 $aUON00320537 950 $aSIBA - SISTEMA BIBLIOTECARIO DI ATENEO$dSI FONDO NAP NAPOLITANO 2003 $eSI SG 1066 5 2003 996 $aVenticinque 25 anni di lotta e di vittorie sulla via del socialismo 25 anni di lotta e di vittorie sulla via del socialismo$91373002 997 $aUNIOR LEADER 01083nam0 22002771i 450 001 UON00509426 005 20231205105450.573 100 $a20220715d1971 |0itac50 ba 101 $aita 102 $aIT 105 $a|||| ||||| 200 1 $aR.U.R. & L'Affare Makropulos$fKarel ?apek$gcon una nota di Angelo Maria Ripellino 210 $aTorino$cEinaudi$d1971 215 $a183 p.$d18 cm. 410 1$1001UON00039029$12001 $aEinaudi letteratura$v19 423 1$1001UON00509427$12001 $aˆL'‰Affare Makropulos$fKarel ?apek 620 $aIT$dTorino$3UONL000014 676 $a891.865$cLetteratura ceca. 1900-$v21 700 1$a?APEK$bKarel$3UONV076067$0544987 702 1$aRIPELLINO$bAngelo Maria$3UONV127074 801 $aIT$bSOL$c20241122$gRICA 899 $aSIBA - SISTEMA BIBLIOTECARIO DI ATENEO$2UONSI 912 $aUON00509426 950 $aSIBA - SISTEMA BIBLIOTECARIO DI ATENEO$dSI CECO B CAP 0012 $eSI EO 12942 5 0012 996 $aR.U.R. & L'Affare Makropulos$93900946 997 $aUNIOR